Regionale Auswirkungen der Abrüstung auf den Arbeitsmarkt in Bayern.
Vplyvy odzbrojovacieho procesu na zamestnanosť v Bavorsku. Opatrenia zamerané na vytváranie nových pracovných príležitostí pre pracovníkov prepustených v súvislosti s odzbrojovaním. Štruktúra vojakov a civilných zamestnancov v Bundeswehri a americkej armáde podľa plánovaných regiónov.
Saved in:
| Main Author: | |
|---|---|
| Format: | Book Chapter |
| Language: | German |
| Subjects: | |
| Tags: |
No Tags, Be the first to tag this record!
|
MARC
| LEADER | 00000naa a2200000 4500 | ||
|---|---|---|---|
| 001 | r011373 | ||
| 005 | 20221130113158.8 | ||
| 041 | 0 | |a ger | |
| 044 | |a DE | ||
| 245 | 1 | 0 | |a Regionale Auswirkungen der Abrüstung auf den Arbeitsmarkt in Bayern. |c D. Sträter |
| 520 | |a Vplyvy odzbrojovacieho procesu na zamestnanosť v Bavorsku. Opatrenia zamerané na vytváranie nových pracovných príležitostí pre pracovníkov prepustených v súvislosti s odzbrojovaním. Štruktúra vojakov a civilných zamestnancov v Bundeswehri a americkej armáde podľa plánovaných regiónov. | ||
| 610 | 2 | 0 | |a trh práce |
| 610 | 2 | 0 | |a zamestnanosť |
| 610 | 2 | 0 | |a odzbrojenie |
| 610 | 2 | 0 | |a regióny |
| 610 | 2 | 0 | |a Bundeswehr |
| 610 | 2 | 0 | |a Nemecko |
| 610 | 2 | 0 | |a príležitosť pracovná |
| 610 | 2 | 0 | |a vojaci |
| 100 | 1 | |a Sträter, D. | |